000 00640nam a2200229Ia 4500
001 3181
003 GE_BSU
008 181216s||||||||xx |||||||||||||| ||und||
020 _a586509050x
040 _cGE_BSU
080 _a330.101.(075.8)
100 _aАгапова Т.А., Серегина С.Ф.
245 _aМакроэкономика
245 _bУчебник. под, общей редакцией проф. А.В. Сидоровича
260 _aМосква
260 _bМГУ
260 _c1997
300 _a416 с. 20 см
541 _h8 л. 35 т.
653 _aМакроэкономика
942 _cBK
999 _c37222
_d37222